000 00319nam a22001457a 4500
008 230414b ||||| |||| 00| 0 eng d
020 _a9780137527918
041 _aeng
080 _a615.83
082 _a615.83HOL
100 _a16
101 _aEGZM
245 _aRANGE MANAGEMENT
_cHOLECHEK.L.J
942 _2udc
_cBK
999 _c59556
_d59556